Top 20 Länder nach Länge der Landesgrenze (weltweit) - Statistiken

Allgemein
  • Dieses Quiz wurde 335 mal gespielt
  • Das Durchschnittsergebnis liegt bei 15 aus 20
Antwortstatistiken
Länge (in km) Länder % Korrekt
22.457 China
99%
22.407 Russland
99%
12.048 Vereinigte Staaten
98%
8.893 Kanada
96%
16.145 Brasilien
95%
14.103 Indien
88%
11.968 Argentinien
87%
7.801 Chile
86%
10.481 Demokratische Republik Kongo
84%
13.364 Kasachstan
83%
8.082 Mongolei
78%
6.734 Algerien
76%
6.751 Sudan
65%
6.774 Pakistan
63%
7.243 Mali
60%
6.416 Tschad
59%
6.672 Kolumbien
57%
7.252 Bolivien
55%
6.893 Usbekistan
45%
6.522 Myanmar
30%
Keine übereinstimmenden Quizze gefunden
Verteilung der Resultate
Anzahl Personen mit jedem Resultat
Perzentil nach korrekt beantworteten Fragen
Ihre Resultats-Entwicklung
Sie haben dieses Quiz noch nicht gespielt